| 000 | 00490nam a2200181Ia 4500 | ||
|---|---|---|---|
| 003 | GCL | ||
| 008 | 140319s9999 xx 000 0 eng d | ||
| 040 |
_aGCL / _cGCL |
||
| 082 | 0 | 4 |
_a004.16 _bG A |
| 100 | 1 | _aGRAUER, ROBERT | |
| 245 | 1 | 0 |
_aADVANCED MICROCOMPUTER APPLICATIONS / _cGRAUER, ROBERT |
| 260 |
_a[S.N] : _bMC GRAW - HILL ، _c1993 |
||
| 300 | _a394 P | ||
| 650 | 0 | 4 | _aCOMPUTER SYSTEM |
| 650 | 0 | 4 | _aDOS, COMPUTER SYSTEMS |
| 650 | 0 | 4 | _aWINDOWS COMPUTER SYSTEMS |
| 942 |
_2ddc _cBK |
||
| 999 |
_c21139 _d21139 |
||